000 00883nam a2200265Ia 4500
003 PE SENCICO BE
005 20251020182432.0
008 200515s9999 xx 000 0 und d
020 _a978-958-8231-97-6
040 _aPE SENCICO BE
_cPE SENCICO BE
041 _aspa
082 _a745.4
_bJ92
100 1 _aJurado Grisales, Claudia
_92657
_eautor
245 1 0 _aDiseño básico :
_bguía de taller /
_cClaudia Jurado Grisales
250 _a1a ed.
260 _aManizales :
_bUniversidad de Caldas ;
_c2007
300 _a114 p. :
_btbl., graf. ;
_c24 cm.
490 _aArtes y Humanidades
505 0 _aElementos de diseño -- Teoría básica sobre los principios compositivos -- El diseño bidimensional
650 1 0 _aDiseño
_9965
650 2 0 _aArte y diseño
_9966
650 2 0 _aComunicación visual
_9460
650 2 0 _aDiseño bidimensional
_92658
942 _cLIB
_2ddc
999 _c281
_d281